Đọc hiểu và viết 100 từ tiếng Hàn đầu tiên
Salvato in:
| Autore principale: | |
|---|---|
| Natura: | Libro |
| Lingua: | Undetermined |
| Pubblicazione: |
Thành phố Hồ Chí Minh
Thanh niên
2004
|
| Soggetti: | |
| Tags: |
Aggiungi Tag
Nessun Tag, puoi essere il primo ad aggiungerne! !
|
| Thư viện lưu trữ: | Trung tâm Học liệu Trường Đại học Cần Thơ |
|---|
| LEADER | 00646nam a2200205Ia 4500 | ||
|---|---|---|---|
| 001 | CTU_93585 | ||
| 008 | 210402s9999 xx 000 0 und d | ||
| 020 | |c 10000 | ||
| 082 | |a 495.7 | ||
| 082 | |b W658 | ||
| 100 | |a Wightwick, Jane | ||
| 245 | 0 | |a Đọc hiểu và viết 100 từ tiếng Hàn đầu tiên | |
| 245 | 0 | |c Jane Wightwick, Mahmoud Gaafar, Heejin Lee; Nhân văn biên dịch | |
| 260 | |a Thành phố Hồ Chí Minh | ||
| 260 | |b Thanh niên | ||
| 260 | |c 2004 | ||
| 650 | |a Korean language | ||
| 650 | |x Study and teaching | ||
| 904 | |i Năm | ||
| 980 | |a Trung tâm Học liệu Trường Đại học Cần Thơ | ||